鉄道駅があって人口が少ない市町村ランキング - Statistics

General Stats
  • This quiz has been taken 5 times
  • The average score is 15 of 20
Answer Stats
人口全体順位 人口 都道府県 Answer % Correct
1621位 2120人 京都府 JR関西本線 南山城村
100%
1640位 1840人 青森県 JR津軽線・北海道新幹線 今別町
100%
1662位 1419人 長野県 JR飯山線 栄村
100%
1675位 1263人 岡山県 智頭急行 西粟倉村
100%
1699位 920人 京都府 JR関西本線 笠置町
100%
1717位 603人 北海道 JR宗谷本線 音威子府村
100%
1609位 2252人 長野県 JR篠ノ井線 麻績村
80%
1616位 2157人 岩手県 三陸鉄道リアス線 普代村
80%
1664位 1398人 北海道 JR石勝線 占冠村
80%
1667位 1369人 長野県 JR飯田線 泰阜村
80%
1696位 941人 長野県 JR飯田線 天龍村
80%
1613位 2225人 高知県 土佐黒潮鉄道阿佐線 田野町
60%
1623位 2108人 北海道 JR宗谷本線 幌延町
60%
1632位 1971人 高知県 土佐黒潮鉄道阿佐線 安田町
60%
1636位 1863人 高知県 阿佐海岸鉄道阿佐東線 東洋町
60%
1649位 1637人 福島県 JR只見線 金山町
60%
1670位 1328人 北海道 JR宗谷本線 中川町
60%
1680位 1209人 福島県 JR只見線 三島町
60%
1652位 1589人 熊本県 JR肥薩線 球磨村
40%
1611位 2245人 青森県 JR津軽線 蓬田村
20%
No matching quizzes found
Score Distribution
Percent of People with Each Score
Percentile by Number Answered
Your Score History
You have not taken this quiz